How to build an agile foundation for change (Record no. 108649)
[ view plain ]
| 000 -LEADER | |
|---|---|
| fixed length control field | 01616cam a22002175a 4500 |
| 001 - CONTROL NUMBER | |
| control field | L144893 |
| 008 - FIXED-LENGTH DATA ELEMENTS--GENERAL INFORMATION | |
| fixed length control field | 080818s2008 xxkdo f 000 0 eng d |
| 035 ## - SYSTEM CONTROL NUMBER | |
| System control number | (Sirsi) u144893 |
| 041 0# - LANGUAGE CODE | |
| Language code of text/sound track or separate title | eng |
| 050 04 - LIBRARY OF CONGRESS CALL NUMBER | |
| Classification number | 658.406 $2 18 |
| 110 2# - MAIN ENTRY--CORPORATE NAME | |
| Corporate name or jurisdiction name as entry element | PriceWaterhouseCoopers |
| 9 (RLIN) | 3793 |
| 245 00 - TITLE STATEMENT | |
| Title | How to build an agile foundation for change |
| Medium | [electronic resource] |
| 260 ## - PUBLICATION, DISTRIBUTION, ETC. | |
| Place of publication, distribution, etc. | London |
| Name of publisher, distributor, etc. | PriceWaterhouseCoopers |
| Date of publication, distribution, etc. | 2008 |
| 505 2# - FORMATTED CONTENTS NOTE | |
| Formatted contents note | The heart of the matter -- The in-depth dicussion: why agility is a new core competency; the hallmarks and benefits of an agile enterprise; who's holding your company back from being an agile entreprise?; taking a targeted approach to transformational change; the business agility blueprint as the way forward; blueprint planning at work -- What this means for your business -- True collaboration around the business agility blueprint -- A call to action |
| 520 ## - SUMMARY, ETC. | |
| Summary, etc. | Addresses why agility is of importance today and looks at the challenges facing companies in managing change. Suggests that the companies who cope best are those that thrive on change and that businesses must take a more fundamental approach to managing and understanding organisational change. Illustrates this theme by describing the loss of productivity and missed market opportunities caused as a result of not anticipating or failing to plan for change. |
| 521 ## - TARGET AUDIENCE NOTE | |
| Target audience note | Advanced |
| 651 #4 - SUBJECT ADDED ENTRY--GEOGRAPHIC NAME | |
| Geographic name | International |
| 690 ## - LOCAL SUBJECT ADDED ENTRY--TOPICAL TERM (OCLC, RLIN) | |
| Topical term or geographic name as entry element | MANAGEMENT-BUSINESS MANAGEMENT |
| 856 48 - ELECTRONIC LOCATION AND ACCESS | |
| Uniform Resource Identifier | <a href="https://www.pwc.com/extweb/pwcpublications.nsf/docid/3C5182A7C92831AE852573F400506906">https://www.pwc.com/extweb/pwcpublications.nsf/docid/3C5182A7C92831AE852573F400506906</a> |
| Public note | View the item free of charge online at www.pwc.com... |
| 942 ## - ADDED ENTRY ELEMENTS (KOHA) | |
| Suppress in OPAC | 0 |
| Withdrawn status | Lost status | Source of classification or shelving scheme | Damaged status | Not for loan | Home library | Current library | Shelving location | Date acquired | Total Checkouts | Full call number | Barcode | Date last seen | Copy number | Price effective from | Koha item type |
|---|---|---|---|---|---|---|---|---|---|---|---|---|---|---|---|
| Dewey Decimal Classification | Virtual | Virtual | Online | 18/08/2008 | ONLINE PUBLICATION | 144893-1001 | 06/08/2019 | 1 | 06/08/2019 | Book |